Statistiques concernant Les villes les plus peuplées des Ardennes

Cliquez ici pour prendre le quiz!

Statistiques générales

  • Ce quiz a été pris 234 fois
  • Le résultat moyen est 10 sur 20

Statistiques - réponses

PopulationVille% Correct
55 481Charleville-Mézières
98%
20 547Sedan
96%
8 053Rethel
85%
7 370Givet
83%
4 734Vouziers
72%
8 962Revin
63%
2 420Rocroi
53%
6 873Nouzonville
52%
4 664Fumay
45%
5 836Bogny-sur-Meuse
42%
2 790Monthermé
42%
3 258Carignan
40%
3 532Villers-Semeuse
37%
2 618Mouzon
27%
3 670Vrigne-aux-Bois
27%
2 393Donchery
26%
2 453Floing
25%
2 090Haybes
18%
2 192Nouvion-sur-Meuse
18%
3 296Vivier-au-Court
18%

Distribution des résultats

Percentile par nombre de réponses

% des personnes avec chaque résultat

Votre développement - résultats

Vous n’avez pas pris ce quiz